Statistiques concernant Stations de tramway de Besançon (France)

Cliquez ici pour prendre le quiz!

Statistiques générales

  • Ce quiz a été pris 136 fois
  • Le résultat moyen est 17 sur 31

Statistiques - réponses

Réponse% Correct
République
84%
Gare Viotte
83%
Battant
80%
Chamars
80%
Révolution
78%
Chalezeule
77%
Micropolis
71%
Flore
65%
Canot
64%
Polygone
63%
Ile de France
62%
Parc Micaud
62%
Malcombe
59%
Orchamps
53%
Fontaine Argent
52%
Rosemont
51%
Allende
50%
Brulard
48%
Hauts de Chazal
48%
Lilas
44%
Tristan Bernard
42%
Croix de Palente
40%
UFR Santé
40%
Brulefoin
38%
Fort Benoit
37%
Les Vaîtes
37%
Schweitzer
37%
CHRU Minjoz
36%
Epoisses
29%
Marnières
28%
Maison des Familles
26%

Distribution des résultats

Percentile par nombre de réponses

% des personnes avec chaque résultat

Votre développement - résultats

Vous n’avez pas pris ce quiz